ბათუმის შოთა რუსთაველის სახელმწიფო უნივერსიტეტის ბიბლიოთეკა

კულტურის ეკონომიკა დამხმარე სახელმძრვანელო (ბიბ.ჩანაწერი № 34684)

000 -LEADER
fixed length control field 00761nam a2200229Ia 4500
001 - CONTROL NUMBER
control field 469
003 - CONTROL NUMBER IDENTIFIER
control field GE_BSU
008 - FIXED-LENGTH DATA ELEMENTS--GENERAL INFORMATION
fixed length control field 181216s||||||||xx |||||||||||||| ||und||
020 ## - INTERNATIONAL STANDARD BOOK NUMBER
International Standard Book Number 9789941905964
040 ## - CATALOGING SOURCE
Transcribing agency GE_BSU
080 ## - UNIVERSAL DECIMAL CLASSIFICATION NUMBER
Universal Decimal Classification number 351.85+008+7
100 ## - MAIN ENTRY--PERSONAL NAME
Personal name დავითულიანი, დილავარდისა
245 ## - TITLE STATEMENT
Title კულტურის ეკონომიკა დამხმარე სახელმძრვანელო
245 ## - TITLE STATEMENT
Statement of responsibility, etc. რედ:მალაშხია გიორგი
260 ## - PUBLICATION, DISTRIBUTION, ETC.
Place of publication, distribution, etc. თბილისი
260 ## - PUBLICATION, DISTRIBUTION, ETC.
Name of publisher, distributor, etc. ,,კენტავრი''
260 ## - PUBLICATION, DISTRIBUTION, ETC.
Date of publication, distribution, etc. 2009
300 ## - PHYSICAL DESCRIPTION
Extent 151გვ.
653 ## - INDEX TERM--UNCONTROLLED
Uncontrolled term კულტურის ეკონომიკა;
942 ## - ADDED ENTRY ELEMENTS (KOHA)
Koha item type წიგნი
ეგზემპლარები
Withdrawn status Lost status Damaged status Not for loan Date acquired Barcode Date last seen Price effective from Koha item type Public note
        2018-12-17 1266 2018-12-17 2018-12-17 წიგნი განათლებისა და მეცნ. ფაკ. დარბაზი